Polscy Youtuberzy po zdjęciach - Statystyki

Ogólne statystyki
  • Ten quiz został rozwiązany 222 razy
  • Średni wynik to 8 z 12
Statystyki odpowiedzi
Obrazkowy Odpowiedź % Poprawnych
Friz
99%
Rezi
94%
Budda
91%
Natsu
84%
Naruciak
81%
Isamu
71%
Izak
70%
Mandzio
69%
Kolega Ignacy
57%
Jacob
47%
Lachu
44%
Leh
18%
Nie znaleziono quizów pasujących do podanych kryteriów
Rozkład punktacji
Procent ludzi z każdym wynikiem
Percentyl według liczby udzielonych odpowiedzi
Twoja historia wyników
Nie rozwiązałeś tego quizu